000 00478nam a2200181Ia 4500
008 090124s9999 xx 000 0 und d
082 _b20756
_a2378
100 _aराव के. एल.
245 _a पाटबंधारे
250 _a1
260 _c1974
300 _a22
600 _aराव के. एल.
630 _a पाटबंधारे
700 _aराव के. एल.
730 _a पाटबंधारे
942 _cBOOK
999 _c134558
_d134558